Perry's Chemical Engineers' Handbook / (Record no. 10723)
[ view plain ]
| 000 -LEADER | |
|---|---|
| fixed length control field | 02422cam a2200421 a 4500 |
| 001 - CONTROL NUMBER | |
| control field | 14898013 |
| 005 - DATE AND TIME OF LATEST TRANSACTION | |
| control field | 20080428135432.0 |
| 008 - FIXED-LENGTH DATA ELEMENTS--GENERAL INFORMATION | |
| fixed length control field | 070620s2008 nyua bf 001 0 eng |
| 010 ## - LIBRARY OF CONGRESS CONTROL NUMBER | |
| LC control number | 2007026072 |
| 015 ## - NATIONAL BIBLIOGRAPHY NUMBER | |
| National bibliography number | GBA706065 |
| Source | bnb |
| 016 7# - NATIONAL BIBLIOGRAPHIC AGENCY CONTROL NUMBER | |
| Record control number | 013650188 |
| Source | Uk |
| 020 ## - INTERNATIONAL STANDARD BOOK NUMBER | |
| International Standard Book Number | 0071422943 (alk. paper) |
| 020 ## - INTERNATIONAL STANDARD BOOK NUMBER | |
| International Standard Book Number | 9780071422949 (alk. paper) |
| 035 ## - SYSTEM CONTROL NUMBER | |
| System control number | (OCoLC)ocm72470708 |
| 035 ## - SYSTEM CONTROL NUMBER | |
| System control number | (OCoLC)72470708 |
| 040 ## - CATALOGING SOURCE | |
| Original cataloging agency | DLC |
| Transcribing agency | DLC |
| Modifying agency | UKM |
| -- | YDXCP |
| -- | BAKER |
| -- | GK8 |
| -- | BTCTA |
| -- | OCLCA |
| -- | C#P |
| -- | DLC |
| 050 00 - LIBRARY OF CONGRESS CALL NUMBER | |
| Classification number | TP151 |
| Item number | .P45 2008 |
| 082 00 - DEWEY DECIMAL CLASSIFICATION NUMBER | |
| Classification number | 660 |
| Edition number | 22 |
| Item number | PER |
| 245 00 - TITLE STATEMENT | |
| Title | Perry's Chemical Engineers' Handbook / |
| Statement of responsibility, etc | Editor in chief Don W. Green, Late Editor Robert H. Perry. |
| 250 ## - EDITION STATEMENT | |
| Edition statement | 8th ed. / |
| Remainder of edition statement | prepared by a staff of specialists under the editorial direction of editor-in-chief, Don W. Green, late editor, Robert H. Perry. |
| 260 ## - PUBLICATION, DISTRIBUTION, ETC. (IMPRINT) | |
| Place of publication, distribution, etc | New York : |
| Name of publisher, distributor, etc | McGraw-Hill, 2008 |
| Date of publication, distribution, etc | 2008. |
| 300 ## - PHYSICAL DESCRIPTION | |
| Extent | 1 v. (various pagings) : |
| Other physical details | ill. ; |
| Dimensions | 27 cm. |
| 504 ## - BIBLIOGRAPHY, ETC. NOTE | |
| Bibliography, etc | Includes bibliographical references and index. |
| 650 #0 - SUBJECT ADDED ENTRY--TOPICAL TERM | |
| Topical term or geographic name as entry element | Chemical engineering |
| Form subdivision | Handbooks, manuals, etc. |
| 9 (RLIN) | 27698 |
| 653 ## - INDEX TERM--UNCONTROLLED | |
| Resource For college | |
| Arrived date list | October2011 |
| 700 1# - ADDED ENTRY--PERSONAL NAME | |
| Personal name | Perry, Robert H., |
| Dates associated with a name | 1924-1978. |
| 9 (RLIN) | 27699 |
| 700 1# - ADDED ENTRY--PERSONAL NAME | |
| Personal name | Green, Don W. |
| 9 (RLIN) | 27700 |
| 856 41 - ELECTRONIC LOCATION AND ACCESS | |
| Materials specified | Table of contents only |
| Uniform Resource Identifier | <a href="http://www.loc.gov/catdir/enhancements/fy0729/2007026072-t.html">http://www.loc.gov/catdir/enhancements/fy0729/2007026072-t.html</a> |
| 856 42 - ELECTRONIC LOCATION AND ACCESS | |
| Materials specified | Publisher description |
| Uniform Resource Identifier | <a href="http://www.loc.gov/catdir/enhancements/fy0729/2007026072-d.html">http://www.loc.gov/catdir/enhancements/fy0729/2007026072-d.html</a> |
| 856 42 - ELECTRONIC LOCATION AND ACCESS | |
| Materials specified | Contributor biographical information |
| Uniform Resource Identifier | <a href="http://www.loc.gov/catdir/enhancements/fy0729/2007026072-b.html">http://www.loc.gov/catdir/enhancements/fy0729/2007026072-b.html</a> |
| 942 ## - ADDED ENTRY ELEMENTS (KOHA) | |
| Source of classification or shelving scheme | Dewey Decimal Classification |
| Item type | Reference (NB) |
| Withdrawn status | Item status | Source of classification or shelving scheme | Damaged status | Not for loan | Vendor | Home library | Current library | Shelving location | Date acquired | Source of acquisition | Cost, normal purchase price | Serial Enumeration / chronology | Total Checkouts | Full call number | Barcode | Date last seen | Koha item type | Date last borrowed |
|---|---|---|---|---|---|---|---|---|---|---|---|---|---|---|---|---|---|---|
| Dewey Decimal Classification | Alahram | Central Library | Central Library | Ground Floor | 28/05/2009 | 807.70 | 370 | 660 PER | 000016403 | 15/07/2025 | Reference (NB) | |||||||
| Dewey Decimal Classification | Alahram | Central Library | Central Library | Ground Floor | 28/05/2009 | 807.70 | 6489 | 660 PER | 000014671 | 15/07/2025 | Reference (NB) | |||||||
| Dewey Decimal Classification | Baccah | Central Library | Central Library | First floor | 02/09/2009 | 749.00 | 8497 | 1 | 660 PER | 000017803 | 15/07/2025 | NB - Book (Non borrowing) | 07/09/2011 | |||||
| Dewey Decimal Classification | Baccah | Central Library | Central Library | Ground Floor | 31/10/2011 | 660 PER | 000025532 | 15/07/2025 | Reference (NB) | |||||||||
| Dewey Decimal Classification | Baccah | Central Library | Central Library | Ground Floor | 31/10/2011 | 660 PER | 000025533 | 15/07/2025 | Reference (NB) |